Central Library OPAC University of Rajshahi

সেতারে স্বাধীনতার সুর : (Record no. 86478)

MARC details
000 -LEADER
fixed length control field 01052nam a2200253 a 4500
001 - CONTROL NUMBER
control field 86478
003 - CONTROL NUMBER IDENTIFIER
rucl marc code BD-RjUL
005 - DATE AND TIME OF LATEST TRANSACTION
control field 20260514121553.0
008 - FIXED-LENGTH DATA ELEMENTS--GENERAL INFORMATION
fixed length control field 260514s2025 bg ||||| |||| 00| 0 ben d
020 ## - INTERNATIONAL STANDARD BOOK NUMBER
International Standard Book Number 9789843916204
035 ## - SYSTEM CONTROL NUMBER
System control number (BD-RjUL)86478
040 ## - CATALOGING SOURCE
Original cataloging agency BD-RjUL
Language of cataloging eng
Transcribing agency BD-RjUL
041 ## - LANGUAGE CODE
Language code of text/sound track or separate title ben
082 ## - DEWEY DECIMAL CLASSIFICATION NUMBER
Edition number 23
Classification number 954.9205
Author mark and year UMS 2025
100 ## - MAIN ENTRY--PERSONAL NAME
Personal name ঊর্মি, তানিয়া
9 (RLIN) 18479
245 ## - TITLE STATEMENT
Title সেতারে স্বাধীনতার সুর :
Remainder of title বীর গেরিলাযোদ্ধা শহিদ হাফিজ /
Statement of responsibility, etc. তানিয়া ঊর্মি
260 ## - PUBLICATION, DISTRIBUTION, ETC. (IMPRINT)
Place of publication, distribution, etc. ঢাকা :
Name of publisher, distributor, etc. বাতিঘর,
Date of publication, distribution, etc. ২০২৫
300 ## - PHYSICAL DESCRIPTION
Pagination ২৩৮ পৃ. :
Illustrations চিত্রসমূহ ;
Size ২২ সেমি.
600 ## - SUBJECT ADDED ENTRY--PERSONAL NAME
Personal name রহমান, সৈয়দ হাফিজুর
Personal name Rahman, Syed Hafizur
651 ## - SUBJECT ADDED ENTRY--GEOGRAPHIC NAME
Geographic name Bangladesh
Chronological subdivision Liberation war, 1971
9 (RLIN) 18482
Geographic name বাংলাদেশ
Chronological subdivision মুক্তিযুদ্ধ, ১৯৭১
9 (RLIN) 18483
942 ## - ADDED ENTRY ELEMENTS (KOHA)
Source of classification or shelving scheme Dewey Decimal Classification
Koha item type Books
Holdings
Lost status Source of classification or shelving scheme Damaged status Not for loan Collection code Permanent Location Current Location Shelving location Date acquired Source of acquisition Total Checkouts Full call number Date last seen Copy number Koha item type
  Dewey Decimal Classification   Not For Loan Non-fiction Central Library, University of Rajshahi Central Library, University of Rajshahi Reading Room 19/04/2026 Author   B 954.9205 UMS 2025 14/05/2026 C-1 Books